| 000 | 00695nam a2200205Ia 4500 | ||
|---|---|---|---|
| 001 | 3001 | ||
| 003 | GE_BSU | ||
| 008 | 181216s||||||||xx |||||||||||||| ||und|| | ||
| 040 | _cGE_BSU | ||
| 080 | _a665.632 | ||
| 100 | _aЛевченко,Д.Н. Берсштеин,Н.В. Николаева,Н.М. | ||
| 245 | _aТехнология обессоливания нефтей на нефтеперерабатывающих предприятиях. | ||
| 245 | _cРед.Г.И.Тюшевская. | ||
| 260 | _aМ. | ||
| 260 | _bХимия. | ||
| 260 | _c1985. | ||
| 300 | _a168 стр. илл. 22 см. | ||
| 653 | _aТехнология обессоливания нефтей. | ||
| 942 | _cBK | ||
| 999 |
_c37047 _d37047 |
||